00584nam a2200193 a 4500008004100000020001500041050001700056100002800073245006100101260003000162300002100192350000900213490003900222500006400261650001700325650001400342650001600356650001800372120416s1993 ||||||||||||||||| || u a0745307000 aGN 495.6 Eri aEriksen, Thomas Hylland10aEthnicity and nationalism : anthropological perspectives aLondonbPluto Pressc1993 aix, 179p. : ill. a0.00 aAnthropology, culture, and society aIncludes bibliographical references (p. 163-173) and index. aANTHROPOLOGY aETHNICITY aNATIONALISM aETHNIC GROUPS